|
|
|
|
| LEADER |
00717cam a2200205 a 4500 |
| 001 |
0000083341 |
| 005 |
20070126090000.0 |
| 040 |
|
|
|a mod
|
| 041 |
|
|
|a eng
|
| 020 |
0 |
0 |
|a 9780754816584
|
| 090 |
0 |
0 |
|a 616.0252
|b FER
|e 2005
|
| 100 |
1 |
0 |
|a Fermie
|h Peter
|f Dr
|
| 245 |
1 |
4 |
|a The illustrated practical book of first aid & family healath
|c Dr. Peter Fermie, Dr. Pippa Keech and Dr. Stephen Shepherd
|
| 260 |
0 |
0 |
|a London
|b Lorenzo Books
|c 2005
|
| 300 |
0 |
0 |
|a 511 p.
|b ill.
|c 23 cm
|
| 500 |
0 |
0 |
|a Includes index
|
| 650 |
0 |
0 |
|a First aid in illness and injury Handbooks, manuals, etc
|
| 700 |
1 |
1 |
|a Keech
|h Pippa
|f Dr
|
| 700 |
1 |
1 |
|a Shepherd
|h Stephen
|f Dr
|
| 999 |
|
|
|a 0251052
|b Markas Garison Gemas
|d BOOKS
|e Umum
|f Markas Garison Gemas
|j AVAILABLE
|q GOOD CONDITION
|